000 01608cam a2200337Ka 4500
001 30569
003 BD-RjUL
005 20211209051601.0
008 140410s1897 enk o 001 0 eng d
035 _a(BD-RjUL)30655
040 _aOCLCE
_beng
_cOCLCE
_dBD-RjUL
041 _aeng
082 _a170
_bWUE V-2 1897
100 1 _aWundt, Wilhelm Max,
_d1832-1920.
_992878
245 1 0 _aEthics :
_ban investigation of the facts and laws of the moral life /
_cby Wilhelm Wundt ; trans. from the 2d German ed. (1892) by Edward Bradford Titchener, Julia Henrietta Gulliver, and Margaret Floy Washburn.
_nVOL. II.
260 _aLondon :
_bAllen & Unwin ;
_aNew York :
_bMacmillan,
_c1897
300 _aviii ,196 p. :
_bill. ;
_c25 cm.
500 _aSome volumes have special title pages.
500 _a"Reprinted July, 1922."
500 _aIncludes indexes.
505 0 _aI. Introduction: The facts of the moral life. -- II. Ethical systems. -- III. The principles of morality and the departments of the moral life.
506 _3Use copy
_fRestrictions unspecified
_2star
_5MiAaHDL
650 0 _aEthics.
_992879
700 1 _aTitchener, Edward Bradford,
_d1867-1927.
_992880
700 1 _aWashburn, Margaret Floy,
_d1871-1939.
_992881
700 1 _aGulliver, Julia H.
_q(Julia Henrietta),
_db. 1856.
_992882
776 0 8 _iPrint version:
_aWundt, Wilhelm Max, 1832-1920.
_tEthics.
_b3d ed.
_dLondon : Allen & Unwin ; New York : Macmillan, 1922
_w(OCoLC)23029378
856 4 0 _3HathiTrust Digital Library
_uhttp://catalog.hathitrust.org/api/volumes/oclc/23029378.html
942 _2ddc
_cBK
999 _c30569
_d30569